Who's who in the kitchen /

Bibliographic Details
Corporate Author: Gold Star Wives of America
Format: Book
Language:English
Published: Washington, D.C. : Federal Publishing Co., [1965]
Subjects:

MARC

Tag First Indicator Second Indicator Subfields
LEADER 00000cam a2200000Ii 4500
001 in00001708921
005 20190207100539.0
008 790130s1965 dcua 001 0 eng d
035 |a (OCoLC)ocm04599072 
040 |a LUU  |c LUU  |d OCL  |d TXA  |d UtOrBLW 
043 |a n-us--- 
049 |a TXAM 
090 |a TX715  |b .W53 1965 
245 0 0 |a Who's who in the kitchen /  |c compiled by Gold Star Wives of America, Inc. ; illustrations by William S. Bodenhamer ; cover by Lawrence Harper. 
264 1 |a Washington, D.C. :  |b Federal Publishing Co.,  |c [1965] 
264 4 |c ©1965 
300 |a 229 pages :  |b illustrations ;  |c 22 cm. 
336 |a text  |b txt  |2 rdacontent 
337 |a unmediated  |b n  |2 rdamedia 
338 |a volume  |b nc  |2 rdacarrier 
500 |a The Cushing Library/Chapman Texas Collection copy is part of the Floyd & Louise Chapman Texas & Borderlands Collection.  |5 TXA 
500 |a Includes index. 
500 |a "The Texas Cookbook Collection." 
536 |a Cushing Library Texas copy was donated 1999 by Ona Stribling Beams, Dallas, Texas, in memory of George William Beams, Class of 1929. 
650 0 |a Cooking, American. 
650 0 |a International cooking. 
710 2 |a Gold Star Wives of America. 
994 |a E0  |b TXA 
948 |a cataloged  |b h  |c 2002/10/22  |d c  |e nrodrigu  |f 5:32:38 pm 
999 |a MARS 
999 f f |s 60787c95-ddc8-3a36-9924-5aa8484120f8  |i 1008b8b0-e1d9-3478-821a-91d07fd50f55  |t 0 
952 f f |p noncirc  |a Texas A&M University  |b College Station  |c Cushing Memorial Library & Archives  |d Cushing: Chapman Texas Collection (Does not check out)  |t 0  |e TX715 .W53 1965  |h Library of Congress classification  |i unmediated -- volume 
998 f f |a TX715 .W53 1965  |t 0  |l Cushing: Chapman Texas Collection (Does not check out)